000 00415nam a2200169Ia 4500
008 221030s9999 xx 000 0 und d
020 _a8122408826
041 _aEnglish
082 _a105.23
_bMus
100 _aC. K. Mustafi
245 0 _aOperations Research
_cby C. K. Mustafi
250 _a3rd
260 _bNew Age International Pub
_aNew Delhi
_c2001
300 _a455
650 _aManagement
942 _cBK
999 _c1026
_d1026